• 首页
  • 本馆介绍
  • 公告通知
  • 最新文献
  • 馆藏检索
  • 电子资源
  • 读者导购
  • 参考咨询
  • 我的图书馆
  • 登录
  • 详细信息显示
  • 放入我的书架
  • 预约/预借图书
  • 作者相关作品
  • 分类相关作品
  • 丛书相关作品
  • 出版社相关作品

书目信息

  • 表格格式
  • 工作单格式
  • 卡片格式
题名:
怎样办好家庭养貉场
    
 
作者: 李光玉 , 杨福合 主编
分册:  
出版信息: 北京   科学技术文献出版社  2008
页数: 237页
开本: 21cm
丛书名: 《新农村建设科技入户》丛书
单 册:
中图分类: S865.2
科图分类:
主题词: 貉--饲养管理 , 貉 , 饲养管理
电子资源:
ISBN: 978-7-5023-5835-8
000 01017oam2 2200289 45
001 1050785578
005 20100420094108.37
010    @a978-7-5023-5835-8@dCNY13.00
100    @a20100408d2008 ekmy0chiy0120 ea
101 0  @achi
102    @aCN@b110000
105    @aa z 000yy
106    @ar
200 1  @a怎样办好家庭养貉场@AZen Yang Ban Hao Jia Ting Yang He Chang@f李光玉,杨福合主编@FLi Guang Yu, Yang Fu He Zhu Bian
210    @a北京@c科学技术文献出版社@d2008
215    @a237页@c彩图@d21cm
225 2  @a《新农村建设科技入户》丛书
330    @a本书详细介绍了貉养殖的市场前景、貉的生活特性、家庭养殖场的建设、投资与成本分析、日常饲养与管理、繁殖与育种、饲料与营养、日粮配制、皮张加工以及疾病防治等方面内容。
461  0 @12001 @a《新农村建设科技入户》丛书
606 0  @a貉@x饲养管理
606 0  @a貉
606 0  @a饲养管理
690    @aS865.2@v4
701  0 @a李光玉@ALi Guang Yu@4主编
701  0 @a杨福合@AYang Fu He@4主编
801  0 @aCN@bTANGWEI@c20100420
905    @b0590443-45@dS865.2@e84@f3
    
    怎样办好家庭养貉场/李光玉,杨福合主编.-北京:科学技术文献出版社,2008
    237页:彩图;21cm.-(《新农村建设科技入户》丛书)
    
    
    ISBN 978-7-5023-5835-8:CNY13.00
    本书详细介绍了貉养殖的市场前景、貉的生活特性、家庭养殖场的建设、投资与成本分析、日常饲养与管理、繁殖与育种、饲料与营养、日粮配制、皮张加工以及疾病防治等方面内容。
●
相关链接 在E读中查询图书 在五车中查询图书 在当当中查询图书 在豆瓣中查询图书


正题名:怎样办好家庭养貉场     索取号:S865.2/84         预约/预借

序号 登录号 条形码 馆藏地/架位号 状态 备注
1 0590443   205904431   第二样本阅览室/ [索取号:S865.2/84] 在馆    
2 0590444   205904440   第三借阅区/ [索取号:S865.2/84] 在馆    
3 0590445   205904459   生命科学系资料室/ [索取号:S865.2/84] 在馆    
唐山师范学院图书馆 欢迎您!
大连网信软件有限公司© 版权所有